000 00703nam a2200253Ia 4500
999 _c4607
_d4607
020 _a0-7453-2088-0
082 _a302 GOO-J
100 _aGoode, Luke
245 0 _aJurgen Habermas: democracy and the public sphere
260 _aLondon
_bPluto Press
_c2005
300 _avi, 165
440 _aModern European thinkers
504 _aincludes bibliography and index
650 _aHabermas, jurgen
650 _aSociology
_vMethodology
650 _aDemocracy
650 _aMass media
_vPolitical aspects
650 _aPolitical participation
650 _aPolitical participation
650 _aInternet
_vPolitical aspects
700 _aBeech, Anne
700 _aCastle, David
942 _cBK